000 00984nam a2200313Ia 4500
999 _c64594
_d64594
003 GCL
005 20240530110739.0
008 140319s9999 xx 000 0 ara d
040 _aGCL /
_cGCL
082 0 4 _a153.15\
_bأ ن
100 0 _aاحمد زكى صالح
245 1 0 _aنظريات التعلم /
_cاحمد زكى صالح
250 _aط.1
260 _aالقاهرة :
_bمكتبة النهضة المصرية ،
300 _a447 ص ؛
_c24 سم
650 0 4 _aالتعلم
650 0 4 _aالتفكير
650 0 4 _aاساسيات التعليم
650 0 4 _aالادراك
650 0 4 _aالابداع
650 0 4 _aالتفكير - تنمية
650 0 4 _aنظرية الجشتلت
650 0 4 _aالتعلم بالمحاولة والخطأ
650 0 4 _aالتعلم الاجرائى
650 0 4 _aالتعلم الاقترانى
650 0 4 _aالتعلم الاجتماعى
650 0 4 _aالتعلم القصدى
942 _2ddc
_cBK